Movies Quiz

Random Movies or Clickable Quiz

Three Movies: 'L' Actors Quiz Stats

Quiz Updated Nov 19, 2015

Challenge
Share
Tweet
Embed
Score 0/30 Timer 07:00
0 Plays Today
% Correct
Heath Ledger
90.1%
Jennifer Lawrence
88.3%
Lucy Liu
87.5%
Shia LaBeouf
83.6%
Martin Lawrence
79.9%
Christopher Lloyd
79.7%
Jennifer Lopez
77.1%
Ray Liotta
75.2%
Jack Lemmon
75%
Bruce Lee
74.3%
Dolph Lundgren
73.8%
Queen Latifah
73.5%
Vivien Leigh
72.2%
Christopher Lee
67.1%
Jude Law
66.5%
% Correct
Juliette Lewis
63.9%
Bela Lugosi
62.9%
Burt Lancaster
61.8%
Diane Lane
58.4%
Téa Leoni
57%
Frank Langella
56.6%
Jessica Lange
55.7%
Christopher Lambert
55.4%
John Leguizamo
55%
Jet Li
54.2%
Jared Leto
52.8%
Charles Laughton
46.7%
Sophia Loren
43.9%
Martin Landau
42%
Laura Linney
41.4%

You're not logged in!

Compare scores with friends on all Sporcle quizzes.
Join for Free
OR
Log In

You Might Also Like...

Show Comments

Extras

Top Quizzes Today


Score Distribution

Your Account Isn't Verified!

In order to create a playlist on Sporcle, you need to verify the email address you used during registration. Go to your Sporcle Settings to finish the process.

Report this User

Report this user for behavior that violates our Community Guidelines.

Details: